[Event "AUTO-INT-1815"]
[Site "http://www.queenalice.com/game.php?id=830999"]
[Date "2010.9.10"]
[Round "1"]
[White "ciappo"]
[Black "psychobunny"]
[Result "1-0"]
[WhiteElo "1726"]
[BlackElo "1738"]

1. c4 e5 2. Nc3 Bb4 3. e3 Nc6 4. Nge2 Nf6 5. a3 Bxc3 6. Nxc3 d5 7. cxd5 Nxd5 8.
Bb5 Qd7 9. Qf3 Nxc3 10. bxc3 O-O 11. O-O a6 12. Ba4 b5 13. Bc2 Bb7 14. Qg3 a5
15. d4 exd4 16. exd4 b4 17. axb4 axb4 18. Bb2 bxc3 19. Qxc3 Rfe8 20. Rxa8 Bxa8
21. Ba4 Re6 22. d5 Rg6 23. Bxc6 Bxc6 24. dxc6 Qxc6 25. Qxc6 Rxc6 26. Rc1 Rxc1+
27. Bxc1 f5 28. f3 Kf7 29. Kf2 Ke6 30. Ke3 g5 31. Kd4 f4 32. Kc5 Kd7 33. Bb2 c6
34. Bf6 h6 35. h3 Ke6 36. Bg7 h5 37. Kxc6 Kf5 38. Kd5 g4 39. h4 Kg6 40. Bf8 Kf5
41. Be7 Kg6 42. Ke5 gxf3 43. gxf3 Kf7 44. Bg5 1-0

[Event "AUTO-INT-1815"]
[Site "http://www.queenalice.com/game.php?id=831000"]
[Date "2010.9.10"]
[Round "1"]
[White "psychobunny"]
[Black "ciappo"]
[Result "0-1"]
[WhiteElo "1736"]
[BlackElo "1752"]

1. e4 g6 2. d4 Bg7 3. Nc3 d6 4. Be3 a6 5. Qd2 b5 6. O-O-O Nd7 7. Nf3 e6 8. d5 e5
9. h4 Ngf6 10. Bg5 h6 11. Bxf6 Nxf6 12. b3 Bd7 13. Bd3 O-O 14. Ne2 a5 15. Ng3
Qb8 16. h5 c5 17. dxc6 Bxc6 18. hxg6 fxg6 19. Nh4 Be8 20. f4 exf4 21. Qxf4 Nh5
22. Qe3 Nf6 23. c4 a4 24. cxb5 axb3 25. Bc4+ Bf7 26. Bxb3 Bxb3 27. Qxb3+ Kh7 28.
e5 dxe5 29. Nf3 e4 30. Ne1 Qf4+ 31. Kb1 e3 32. Ne2 Qf5+ 33. Nc2 Ne4 34. Rd5 Nd2+
35. Rxd2 exd2 36. Ng3 Qf7 37. Ne4 Qxb3+ 38. axb3 Rfd8 39. Rd1 Rd3 40. Nc5 Rc3
0-1

[Event "AUTO-INT-1815"]
[Site "http://www.queenalice.com/game.php?id=831001"]
[Date "2010.9.10"]
[Round "1"]
[White "ciappo"]
[Black "kingmartinIII"]
[Result "1-0"]
[WhiteElo "1778"]
[BlackElo "1380"]

1. c4 e5 2. Nc3 Bc5 3. g3 Nf6 4. Bg2 O-O 5. e3 c6 6. Nge2 d5 7. cxd5 cxd5 8. O-O
Nc6 9. a3 d4 10. Na4 b6 11. Bxc6 Rb8 12. Nxc5 bxc5 13. Bg2 Ba6 14. Re1 Ng4 15.
Nxd4 exd4 16. Qxg4 g6 17. exd4 cxd4 18. b4 Re8 19. Bb2 h5 20. Rxe8+ Qxe8 21.
Qxd4 Kf8 22. Qh8+ Ke7 23. Re1+ Kd7 24. Qd4+ Kc7 25. Rxe8 Rxe8 26. Qc5+ 1-0

[Event "AUTO-INT-1815"]
[Site "http://www.queenalice.com/game.php?id=831002"]
[Date "2010.9.10"]
[Round "1"]
[White "kingmartinIII"]
[Black "ciappo"]
[Result "0-1"]
[WhiteElo "1382"]
[BlackElo "1776"]

1. e4 g6 2. Bc4 Bg7 3. Nf3 d6 4. Ng5 e6 5. Nc3 Qxg5 6. g3 Nc6 7. d4 Qe7 8. O-O
Nxd4 9. Nb5 Nxb5 10. Bxb5+ Bd7 11. a4 Nf6 12. Bg5 h6 13. Bxf6 Bxf6 14. Rb1 Bxb5
15. Re1 Bc6 16. b4 O-O 17. b5 Bd7 18. c4 c5 19. Qd2 Bd4 20. Qxh6 Qf6 21. Kg2
Qxf2+ 22. Kh3 e5+ 23. Kh4 Qxh2+ 24. Kg5 Qxg3+ 25. Kf6 Qf3+ 0-1

[Event "QA-ANNIV-06"]
[Site "http://www.queenalice.com/game.php?id=836868"]
[Date "2010.9.23"]
[Round "2"]
[White "ciappo"]
[Black "dhiratsuka"]
[Result "1-0"]
[WhiteElo "1767"]
[BlackElo "1584"]

1. c4 d6 2. Nc3 c6 3. g3 c5 4. Bg2 Na6 5. e4 f5 6. exf5 Bxf5 7. Bxb7 Nb4 8. Be4
Bxe4 9. Nxe4 Nf6 10. d3 Qa5 11. Nc3 e5 12. Nge2 e4 13. dxe4 Nxe4 14. O-O Qd8 15.
Nxe4 Be7 16. Bf4 O-O 17. N2c3 a5 18. a3 g5 19. Bxd6 Bxd6 20. Nxd6 Ra6 21. Nde4
Nc6 22. Nd5 Nd4 23. f4 g4 24. Qxg4+ Kh8 25. Nxc5 Rg6 26. Qh5 Qc8 27. Qe5+ Kg8
28. Ne7+ Kf7 29. Nxc8 Rxc8 30. Qxd4 Rgc6 31. Qd5+ Re6 32. Qxe6+ Kg7 33. Rfd1 Rf8
34. Rd7+ Kh8 35. Qe5+ 1-0

[Event "AUTO-OPEN-1904"]
[Site "http://www.queenalice.com/game.php?id=844323"]
[Date "2010.10.11"]
[Round "3"]
[White "ciappo"]
[Black "Claudio49"]
[Result "0-1"]
[WhiteElo "1780"]
[BlackElo "2047"]

1. c4 e5 2. Nc3 Nf6 3. g3 Nc6 4. Bg2 Bc5 5. e3 O-O 6. Nge2 Re8 7. O-O d6 8. a3
Bb6 9. b4 Bg4 10. Bb2 Qd7 11. b5 Na5 12. d3 c6 13. a4 d5 14. bxc6 bxc6 15. cxd5
cxd5 16. Qd2 Nb3 0-1

[Event "AUTO-OPEN-1904"]
[Site "http://www.queenalice.com/game.php?id=844324"]
[Date "2010.10.11"]
[Round "3"]
[White "Claudio49"]
[Black "ciappo"]
[Result "1-0"]
[WhiteElo "2052"]
[BlackElo "1775"]

1. e4 g6 2. d4 Bg7 3. Nc3 d6 4. Nf3 a6 5. Be3 b5 6. a4 b4 7. Nd5 a5 8. Nf4 Bb7
9. e5 e6 10. Bb5+ Nd7 11. d5 Qe7 12. exd6 cxd6 13. dxe6 fxe6 14. O-O Nh6 15. Bc4
d5 16. Nxd5 1-0

[Event "AUTO-INT-1815"]
[Site "http://www.queenalice.com/game.php?id=856413"]
[Date "2010.11.8"]
[Round "2"]
[White "ciappo"]
[Black "Zarathustra"]
[Result "0-1"]
[WhiteElo "1903"]
[BlackElo "1995"]

1. c4 c5 2. Nc3 Nc6 3. g3 Nf6 4. Bg2 g6 5. e4 Bg7 6. Nge2 d6 7. d3 O-O 8. O-O e5
9. h3 b6 10. Be3 Be6 11. Qd2 Qd7 12. Kh2 a6 13. f4 exf4 14. Nxf4 Ne5 15. Nfd5
Bxd5 16. Nxd5 Nxd5 17. exd5 b5 18. Rac1 Rfe8 19. b3 b4 20. d4 cxd4 21. Bxd4 a5
22. Rce1 f6 23. Be3 Nf7 24. Bf4 g5 25. Be3 Re7 26. Bf2 Rae8 27. Rxe7 Rxe7 28.
Re1 f5 29. Rxe7 Qxe7 30. Qe3 Ne5 31. Qb6 Nd3 32. Bd4 Bxd4 33. Qxd4 Nc5 34. Qf2
Qe5 35. Qf1 Kf7 36. Qb1 h5 0-1

[Event "AUTO-INT-1815"]
[Site "http://www.queenalice.com/game.php?id=856414"]
[Date "2010.11.8"]
[Round "2"]
[White "Zarathustra"]
[Black "ciappo"]
[Result "0-1"]
[WhiteElo "1919"]
[BlackElo "1830"]

1. e4 g6 2. d4 Bg7 3. Nf3 d6 4. Be3 a6 5. Bc4 e6 6. O-O Nd7 7. Nbd2 b5 8. Bd3
Bb7 9. c4 bxc4 10. Nxc4 Ne7 11. Na5 Qc8 12. Qc2 c5 13. dxc5 dxc5 14. Rac1 O-O
15. Nxb7 Qxb7 16. b3 Rfc8 17. e5 Nd5 18. Be4 Rab8 19. Rfd1 Bf8 20. Qc3 Nxc3 21.
Bxb7 Nxd1 22. Bxc8 Nxe3 23. Bxa6 Nd5 0-1

[Event "AUTO-INT-1815"]
[Site "http://www.queenalice.com/game.php?id=856415"]
[Date "2010.11.8"]
[Round "2"]
[White "ciappo"]
[Black "lapinagile"]
[Result "1-0"]
[WhiteElo "1894"]
[BlackElo "1717"]

1. c4 Nf6 2. Nc3 e5 3. g3 Bc5 4. Bg2 Nc6 5. e3 d5 6. cxd5 Nxd5 7. Nxd5 f5 8. a3
Be6 9. Nc3 Qd7 10. Nf3 O-O-O 11. O-O e4 12. Ng5 Bc4 13. Re1 h6 14. Nh3 Ne5 15.
b4 Be7 16. d4 exd3 17. Bd2 g5 18. Qa4 Qxa4 19. Nxa4 Bd6 20. Rac1 b5 21. Nb2 g4
22. Nf4 Nf3+ 23. Bxf3 gxf3 24. Nxc4 bxc4 25. Rxc4 Rhg8 26. Rec1 Kb7 27. Nxd3 h5
28. Bc3 Rd7 29. Nc5+ Bxc5 30. Rxc5 Rgd8 31. Kf1 Rd1+ 32. Rxd1 Rxd1+ 33. Be1 Kb6
34. Rxf5 Ra1 35. Rxf3 Rxa3 36. Rf5 Kc6 37. Rxh5 1-0

[Event "AUTO-INT-1815"]
[Site "http://www.queenalice.com/game.php?id=856416"]
[Date "2010.11.8"]
[Round "2"]
[White "lapinagile"]
[Black "ciappo"]
[Result "0-1"]
[WhiteElo "1727"]
[BlackElo "1868"]

1. b4 e5 2. Bb2 d6 3. e3 f5 4. c4 Nf6 5. Nc3 Be7 6. Nf3 O-O 7. b5 h6 8. Be2 Be6
9. a4 Nbd7 10. d4 e4 11. Nh4 Qe8 12. d5 Bf7 13. Nxf5 Ne5 14. Nxe7+ Qxe7 15. Qd2
Bg6 16. O-O Rae8 17. h3 Nfd7 18. f4 exf3 19. Bxf3 Nxf3+ 20. Rxf3 Rxf3 21. gxf3
Qxe3+ 22. Qxe3 Rxe3 23. Kf2 Re7 24. Ne2 Nc5 25. Nf4 Bd3 26. Rg1 Bxc4 27. Nh5
Nd3+ 0-1

[Event "AUTO-ADV-1965"]
[Site "http://www.queenalice.com/game.php?id=856444"]
[Date "2010.11.8"]
[Round "1"]
[White "Blutigeroo"]
[Black "ciappo"]
[Result "0-1"]
[WhiteElo "1917"]
[BlackElo "1810"]

1. g3 d5 2. Bg2 c6 3. e3 e5 4. Ne2 Nf6 5. O-O Be7 6. d4 e4 7. Nd2 O-O 8. c3 Bg4
9. f3 exf3 10. Nxf3 Nbd7 11. h3 Bh5 12. g4 Bg6 13. c4 dxc4 14. Nh4 Be4 15. Ng3
Bxg2 16. Nxg2 Nb6 17. e4 Qc7 18. Bf4 Qd7 19. a3 Rad8 20. Be3 Rfe8 21. Rc1 h6 22.
Nf5 Nxe4 23. Bxh6 Bf6 24. Be3 Ng5 25. h4 Ne6 26. Kh1 Nxd4 27. Nxd4 Bxd4 28. Bg5
f6 29. Bxf6 Bxf6 30. Qf3 Qd3 31. Qf4 Qh3+ 32. Kg1 Bd4+ 33. Rf2 Bxf2+ 34. Qxf2
Qxg4 35. Rf1 Rf8 0-1

[Event "AUTO-ADV-1965"]
[Site "http://www.queenalice.com/game.php?id=856445"]
[Date "2010.11.8"]
[Round "1"]
[White "ciappo"]
[Black "Blutigeroo"]
[Result "1-0"]
[WhiteElo "1791"]
[BlackElo "1875"]

1. c4 c5 2. Nc3 Nc6 3. g3 e6 4. Bg2 Nf6 5. e3 Nb4 6. d3 Rb8 7. Nge2 d5 8. cxd5
Nbxd5 9. O-O Be7 10. a3 O-O 11. Qc2 b5 12. Bd2 Ba6 13. Rac1 c4 14. Nd4 Qc7 15.
e4 Nb6 16. Ncxb5 Qd7 17. dxc4 Rfc8 18. Be3 e5 19. Nf5 Bxb5 20. Qd2 Bxc4 21. Qxd7
Nfxd7 22. Nxe7+ Kf8 23. Nxc8 Bxf1 24. Nxb6 Rxb6 25. Bxf1 Rxb2 26. a4 g6 27. Bb5
Nb6 28. Bxb6 1-0

[Event "AUTO-ADV-1965"]
[Site "http://www.queenalice.com/game.php?id=856458"]
[Date "2010.11.8"]
[Round "1"]
[White "cuatroceros"]
[Black "ciappo"]
[Result "0-1"]
[WhiteElo "1871"]
[BlackElo "1891"]

1. e4 g6 2. d4 Bg7 3. Nf3 d6 4. Nc3 a6 5. Bf4 b5 6. Be2 Bb7 7. Qd2 Nd7 8. O-O e6
9. Rfe1 Ne7 10. Rad1 O-O 11. Bh6 b4 12. Na4 Bxe4 13. Bxg7 Kxg7 14. h4 Nf6 15.
Qf4 Bxc2 16. b3 Bxd1 17. Rxd1 Ned5 18. Qg3 Ne4 19. Qh2 Nec3 20. Nxc3 Nxc3 21.
Rd2 Nxe2+ 22. Rxe2 Qf6 23. h5 h6 24. hxg6 fxg6 25. Qg3 Rae8 26. Nh2 e5 27. Ng4
Qf4 28. dxe5 Qxg3 29. fxg3 dxe5 30. Rxe5 Rxe5 31. Nxe5 Rf5 32. Nc6 Rb5 33. Kf2
Rb6 34. Nd4 Kf6 35. Nc2 Ke5 36. Ke3 a5 37. Nd4 c5 38. Nf3+ Kd5 39. Kd3 Rf6 40.
Ke3 c4 0-1

[Event "AUTO-ADV-1965"]
[Site "http://www.queenalice.com/game.php?id=856459"]
[Date "2010.11.8"]
[Round "1"]
[White "ciappo"]
[Black "cuatroceros"]
[Result "1-0"]
[WhiteElo "1770"]
[BlackElo "1892"]

1. c4 e5 2. Nc3 Nf6 3. g3 Nc6 4. Bg2 d6 5. e4 Be6 6. d3 Nd4 7. f3 Be7 8. Nge2 c5
9. O-O O-O 10. Be3 Qd7 11. Qd2 a6 12. Rae1 Bh3 13. Nd5 Bxg2 14. Kxg2 b5 15. Nb6
Qe6 16. Nxa8 Rxa8 17. b3 bxc4 18. dxc4 a5 19. Nc3 Nh5 20. Nd5 Rf8 21. Bxd4 exd4
22. Qxa5 f5 23. exf5 Bd8 24. Qxd8 1-0

[Event "AUTO-ADV-1965"]
[Site "http://www.queenalice.com/game.php?id=856466"]
[Date "2010.11.8"]
[Round "1"]
[White "spacey"]
[Black "ciappo"]
[Result "0-1"]
[WhiteElo "1874"]
[BlackElo "1878"]

1. e4 g6 2. d4 Bg7 3. Nf3 d6 4. Nc3 a6 5. Bc4 e6 6. O-O Nd7 7. Be3 b5 8. Bb3 Bb7
9. Rb1 b4 10. Ne2 Bxe4 11. Rc1 Ngf6 12. c3 a5 13. Ng3 Bd5 14. Bxd5 Nxd5 15. c4
Nxe3 16. fxe3 O-O 17. b3 Qe7 18. e4 c5 19. d5 Ne5 20. Nxe5 Bxe5 21. Rf3 Bd4+ 22.
Kh1 exd5 23. exd5 Rae8 24. Qd2 Be3 25. Qd1 Bxc1 26. Qxc1 Qe1+ 27. Rf1 Qxc1 28.
Rxc1 Re3 29. Kg1 Rfe8 30. Kf1 h5 31. Rc2 Kg7 32. Re2 Rxe2 33. Nxe2 Kf6 34. Kf2
h4 35. h3 Kf5 36. Kf3 g5 37. Ng1 a4 38. Ne2 axb3 39. axb3 Ra8 40. g3 hxg3 41.
Nxg3+ Ke5 42. Ne2 Ra2 43. Nc1 Rc2 44. Nd3+ Kd4 45. Nf2 Rxf2+ 46. Kxf2 Kc3 0-1

[Event "AUTO-ADV-1965"]
[Site "http://www.queenalice.com/game.php?id=856467"]
[Date "2010.11.8"]
[Round "1"]
[White "ciappo"]
[Black "spacey"]
[Result "1-0"]
[WhiteElo "1850"]
[BlackElo "1892"]

1. c4 e5 2. Nc3 Nc6 3. g3 Nf6 4. Bg2 Bc5 5. e3 O-O 6. Nge2 d6 7. O-O Bf5 8. d3
Qd7 9. a3 a6 10. b4 Bb6 11. Bb2 Bh3 12. Qb3 Bxg2 13. Kxg2 Qg4 14. a4 Nd8 15. h3
Qe6 16. Nd5 Ba7 17. Nxc7 Qc8 18. Nxa8 Qxa8 19. b5 a5 20. Kh2 b6 21. f4 Bb8 22.
Rae1 Nd7 23. d4 Kh8 24. Qc2 Re8 25. Qf5 Qb7 26. Nc3 f6 27. g4 g6 28. Qd3 Nf7 29.
Nd5 e4 30. Qe2 Nh6 31. Qf2 f5 32. Qh4 Nf7 33. gxf5 gxf5 34. Rg1 Nd8 35. Nf6 1-0

[Event "QA-ANNIV-06"]
[Site "http://www.queenalice.com/game.php?id=885018"]
[Date "2011.1.12"]
[Round "3"]
[White "Aylton"]
[Black "ciappo"]
[Result "1-0"]
[WhiteElo "2016"]
[BlackElo "1942"]

1. d4 g6 2. c4 Bg7 3. Nf3 d6 4. Nc3 Nd7 5. e3 e5 6. Be2 Ne7 7. O-O O-O 8. h3 h6
9. a3 f5 10. dxe5 Nxe5 11. Nxe5 Bxe5 12. Bd2 Be6 13. f4 Bg7 14. Qc2 Qd7 15. b4
d5 16. cxd5 Nxd5 17. Rac1 c6 18. Nxd5 Bxd5 19. Bc4 Rad8 20. Bxd5+ Qxd5 21. Rfd1
Qe6 22. Kf2 Rfe8 23. a4 a6 24. a5 Rd5 25. Rb1 Red8 26. Ke2 Kf7 27. Be1 Rxd1 28.
Rxd1 Rxd1 29. Qxd1 Qd5 30. Qxd5+ cxd5 31. Kd3 Ke6 32. Bc3 Bf8 33. g4 fxg4 34.
hxg4 h5 35. gxh5 gxh5 36. e4 dxe4+ 37. Kxe4 h4 38. f5+ Kd6 39. Kf4 Kc6 40. Kg4
b6 41. Kxh4 bxa5 42. bxa5 Kd7 43. Kg5 Bd6 44. f6 Ke6 45. Kg6 Bf8 46. Bd2 Bc5 47.
Bc3 Bf8 48. Bd4 Bd6 49. Kg7 Kd5 50. Bb2 Ke6 51. f7 Be7 52. Kg8 Kd7 53. Bg7 Kd8
54. Bf8 Bg5 55. Kh7 1-0

[Event "AUTO-ADV-1965"]
[Site "http://www.queenalice.com/game.php?id=890200"]
[Date "2011.1.23"]
[Round "2"]
[White "ciappo"]
[Black "Grandioso"]
[Result "1-0"]
[WhiteElo "1945"]
[BlackElo "1912"]

1. c4 e5 2. Nc3 Nf6 3. g3 Bb4 4. Bg2 Bxc3 5. dxc3 O-O 6. e4 d6 7. Ne2 Nfd7 8.
O-O Nb6 9. b3 N6d7 10. Be3 Qe8 11. Qc2 Nf6 12. Rad1 b6 13. Nc1 Be6 14. Nd3 c5
15. f4 Bg4 16. Rd2 Bh5 17. Nf2 Ng4 18. Nxg4 Bxg4 19. Rxd6 f6 20. Qd2 Na6 21.
fxe5 Qxe5 22. Bf4 Qh5 23. Qd5+ Qxd5 24. cxd5 Be2 25. Re1 Bh5 26. e5 Rae8 27. e6
Kh8 28. Rd7 Bg4 29. Rxa7 Nc7 30. Rxc7 g5 31. Bd6 Rg8 32. Be7 1-0

[Event "AUTO-ADV-1965"]
[Site "http://www.queenalice.com/game.php?id=890201"]
[Date "2011.1.23"]
[Round "2"]
[White "Grandioso"]
[Black "ciappo"]
[Result "0-1"]
[WhiteElo "1928"]
[BlackElo "1929"]

1. e4 g6 2. Nf3 Bg7 3. Bc4 e6 4. O-O d6 5. Nc3 Nd7 6. d4 a6 7. Re1 b5 8. Bb3 Bb7
9. a3 Ne7 10. Bg5 O-O 11. Bh4 c5 12. Bxe7 Qxe7 13. d5 e5 14. Ne2 c4 15. Ba2 Nc5
16. Nc3 f5 17. a4 b4 18. Ne2 fxe4 19. Ng3 exf3 20. Bxc4 fxg2 21. Ne4 Nxe4 22.
Rxe4 Qg5 23. Rg4 Qf5 24. Qe2 a5 25. Rxg2 e4 26. Rg3 Bd4 27. Rg2 Rae8 28. Re1 e3
29. f3 Qxf3 30. Rd1 Bc5 31. b3 Qxe2 32. Bxe2 Re5 0-1

[Event "QA-ANNIV-06"]
[Site "http://www.queenalice.com/game.php?id=924317"]
[Date "2011.4.10"]
[Round "4"]
[White "ciappo"]
[Black "maurice91"]
[Result "1-0"]
[WhiteElo "1960"]
[BlackElo "1884"]

1. c4 c5 2. Nc3 e5 3. g3 d6 4. Bg2 Nc6 5. d3 Bd7 6. e4 Nf6 7. Nge2 Be7 8. O-O a6
9. h3 Nd4 10. Be3 Bc6 11. Qd2 Qd7 12. Nd5 Nxe2+ 13. Qxe2 Rb8 14. f4 b5 15. b3
O-O 16. fxe5 dxe5 17. Nxe7+ Qxe7 18. Bg5 bxc4 19. dxc4 Qe6 20. Bxf6 gxf6 21. Rf5
Kh8 22. Raf1 Rg8 23. Rxf6 Qd7 24. Rxf7 Qe8 25. Qe3 Qe6 26. R1f6 Qe8 27. Rxh7+
1-0